Nonya favourites / (Record no. 50310)
| 000 -LEADER | |
|---|---|
| fixed length control field | 00298nam a2200109 4500 |
| 020 ## - INTERNATIONAL STANDARD BOOK NUMBER | |
| International Standard Book Number | 9780794606725 |
| 100 ## - MAIN ENTRY--PERSONAL NAME | |
| Personal name | Boi, Lee Geok. |
| 9 (RLIN) | 87321 |
| 245 ## - TITLE STATEMENT | |
| Title | Nonya favourites / |
| Statement of responsibility, etc | Lee Geok Boi. |
| 300 ## - PHYSICAL DESCRIPTION | |
| Extent | 64 p. |
| Other physical details | coloured pictures. |
| Dimensions | 20 cm. |
| 490 ## - SERIES STATEMENT | |
| Series statement | Periplus Mini Cookbooks; |
| 942 ## - ADDED ENTRY ELEMENTS (KOHA) | |
| Source of classification or shelving scheme | |
| Koha item type | NON FIC SECTION |
| Withdrawn status | Lost status | Source of classification or shelving scheme | Damaged status | Not for loan | Collection code | Home library | Current library | Date acquired | Total Checkouts | Full call number | Barcode | Checked out | Date last seen | Date checked out | Price effective from | Koha item type |
|---|---|---|---|---|---|---|---|---|---|---|---|---|---|---|---|---|
| Non-Fiction | Asian Hope Secondary Library | Asian Hope Secondary Library | 03/25/2026 | 1 | 641 BOI | 210892 | 05/01/2026 | 04/24/2026 | 04/24/2026 | 03/25/2026 | NON FIC SECTION |